00619nam a2200181 4500003000900000005001700009008004100026020002900067040001300096082001900109100002300128245008800151260003700239650001500276942000900291952012200300999001500422SEACOMMC20250127120526.0250127b |||||||| |||| 00| 0 eng d a81-7446-519-7cRs.275.00 aSEACOMMC a 658.3 bS 476 aSengupta, Nilanjan1 aInternational Human Resource Managementc Nilanjan Sengupta, Mousumi S Bhattacharya aNew Delhi b Excel Books c 2007 aManagement cBOOK 00102ddc4070aSEACOMMCbSEACOMMCcREFd2008-01-04l0o 658.3 S 476pM-1739r2025-01-27 12:05:53w2025-01-27yBOOK c1030d1030